Getting your life back together when you have schizophrenia / (Record no. 330)

MARC details
000 -LEADER
fixed length control field 00747cam a22002537a 4500
005 - DATE AND TIME OF LATEST TRANSACTION
control field 20260322212015.0
008 - FIXED-LENGTH DATA ELEMENTS--GENERAL INFORMATION
fixed length control field data
010 ## - LIBRARY OF CONGRESS CONTROL NUMBER
LC control number 2002512801
020 ## - INTERNATIONAL STANDARD BOOK NUMBER
International Standard Book Number 1572242736 (pbk.)
020 ## - INTERNATIONAL STANDARD BOOK NUMBER
International Standard Book Number 9781572242739 (pbk.)
040 ## - CATALOGING SOURCE
Original cataloging agency DPL
Transcribing agency DPL
Modifying agency DLC
-- DLC
042 ## - AUTHENTICATION CODE
Authentication code lccopycat
050 00 - LIBRARY OF CONGRESS CALL NUMBER
Classification number RC514
Item number .T46 2002
082 00 - DEWEY DECIMAL CLASSIFICATION NUMBER
Classification number 616.89/82
Edition information 21
092 ## - LOCALLY ASSIGNED DEWEY CALL NUMBER (OCLC)
Classification number 616.89 T46 2002
001 - CONTROL NUMBER
control field data
100 1# - MAIN ENTRY--PERSONAL NAME
Personal name Temes, Roberta.
245 10 - TITLE STATEMENT
Title Getting your life back together when you have schizophrenia /
Statement of responsibility, etc. Roberta Temes.
260 ## - PUBLICATION, DISTRIBUTION, ETC.
Place of publication, distribution, etc. Oakland, CA :
Name of publisher, distributor, etc. New Harbinger,
Date of publication, distribution, etc. c2002.
300 ## - PHYSICAL DESCRIPTION
Extent vi, 172 p. ;
Dimensions 23 cm.
504 ## - BIBLIOGRAPHY, ETC. NOTE
Bibliography, etc. note Includes bibliographical references (p. [167]-172).
650 #0 - SUBJECT ADDED ENTRY--TOPICAL TERM
Topical term or geographic name entry element Schizophrenia
Form subdivision Popular works.
650 #2 - SUBJECT ADDED ENTRY--TOPICAL TERM
Topical term or geographic name entry element Schizophrenia
Form subdivision Popular Works.
Holdings
Withdrawn status Lost status Damaged status Not for loan Home library Current library Shelving location Date acquired Total checkouts Full call number Barcode Date last seen Price effective from Koha item type
        Riverside Riverside General stacks 22/03/2026   616.89/82 21 BC0010340 22/03/2026 22/03/2026 Books